ORACIONES PARA SER FELIZ (Registro nro. 58878)
[ vista simple ]
| 000 -LEADER | |
|---|---|
| fixed length control field | 00824nam a2200205 a 4500 |
| 001 - CONTROL NUMBER | |
| control field | 58878 |
| 005 - DATE AND TIME OF LATEST TRANSACTION | |
| control field | 20180714055634.0 |
| 008 - FIXED-LENGTH DATA ELEMENTS--GENERAL INFORMATION | |
| fixed length control field | 140415s2006 mx 000 0 spa d |
| 020 ## - INTERNATIONAL STANDARD BOOK NUMBER | |
| International Standard Book Number | 9684371284 |
| 041 ## - LANGUAGE CODE | |
| Language code of text/sound track or separate title | spa |
| 082 ## - DEWEY DECIMAL CLASSIFICATION NUMBER | |
| Classification number | 291.433 |
| Item number | MUÑ |
| 100 1# - MAIN ENTRY--PERSONAL NAME | |
| Personal name | MUÑOZ, HECTOR |
| 245 10 - TITLE STATEMENT | |
| Title | ORACIONES PARA SER FELIZ |
| 250 ## - EDITION STATEMENT | |
| Edition statement | 6a ed. |
| 260 ## - PUBLICATION, DISTRIBUTION, ETC. | |
| Place of publication, distribution, etc. | MEXICO : |
| Name of publisher, distributor, etc. | PAULINAS, |
| Date of publication, distribution, etc. | 2006 |
| 300 ## - PHYSICAL DESCRIPTION | |
| Extent | 148 |
| Dimensions | 11 x 0.8 x 16.5 |
| 490 ## - SERIES STATEMENT | |
| Series statement | COLECCION: ORAR CON LA VIDA |
| 520 ## - SUMMARY, ETC. | |
| Summary, etc. | TODOS LOS SERES HUMANOS DESEAMOS SER FELICES Y, SIN EMBARGO, NO TODOS LO LOGRAN. AL CONTRARIO, PARECIERA QUE EN TODOS LOS TIEMPOS HAN SIDO MUY POCOS LOS QUE LO HAN LOGRADO. EL ERROR DE BASE ESTA EN NO SABER EN QUE CONSISTE ESA FELICIDAD, Y AL NO SABERLO EQUIVOCAMOS LOS MEDIOS PARA LLEGAR A ELLA. |
| 650 14 - SUBJECT ADDED ENTRY--TOPICAL TERM | |
| Topical term or geographic name entry element | MEDITACIONES |
| General subdivision | ORACIONES |
| Withdrawn status | Lost status | Source of classification or shelving scheme | Damaged status | Not for loan | Collection code | Home library | Current library | Shelving location | Date acquired | Source of acquisition | Inventory number | Total Checkouts | Full call number | Barcode | Date last seen | Price effective from | Koha item type |
|---|---|---|---|---|---|---|---|---|---|---|---|---|---|---|---|---|---|
| Dewey Decimal Classification | General | Biblioteca Karol Wojtyla | Biblioteca Karol Wojtyla | Sala general | 03/12/2013 | Compra | 151000000000000000058537 | 291.433 MU | 89137 | 05/01/2026 | 04/09/2014 | Libro |